BIBLIOTECA

SENCICO

Diseño visual : introducción a las artes visuales (Registro nro. 2095)

Detalles MARC
000 -LEADER
fixed length control field 00715nam a2200193Ia 4500
005 - DATE AND TIME OF LATEST TRANSACTION
control field 20251020182532.0
008 - FIXED-LENGTH DATA ELEMENTS--GENERAL INFORMATION
fixed length control field 200515s9999 xx 000 0 und d
082 ## - DEWEY DECIMAL CLASSIFICATION NUMBER
Classification number 701.1/D15
100 ## - MAIN ENTRY--PERSONAL NAME
Personal name MARIS DANTZIC, Cynthia
245 #0 - TITLE STATEMENT
Title Diseño visual : introducción a las artes visuales
260 ## - PUBLICATION, DISTRIBUTION, ETC.
Place of publication, distribution, etc. México, D.F.
260 ## - PUBLICATION, DISTRIBUTION, ETC.
Date of publication, distribution, etc. 1994
500 ## - GENERAL NOTE
General note 1 ejemplar
520 ## - SUMMARY, ETC.
Summary, etc. Para los estudiantes y profesionales del diseño, esta obra constituye un sólido apoyo bibliográfico que le permitirá no sólo adquirir nuevos conocimientos, sino disipar dudas, aplicar criterios y resolver problemas relacionados con la materia. El texto pu
650 ## - SUBJECT ADDED ENTRY--TOPICAL TERM
Topical term or geographic name entry element ARTE
650 ## - SUBJECT ADDED ENTRY--TOPICAL TERM
Topical term or geographic name entry element DISEÑO VISUAL
650 ## - SUBJECT ADDED ENTRY--TOPICAL TERM
Topical term or geographic name entry element LIB
942 ## - ADDED ENTRY ELEMENTS (KOHA)
Koha item type Libros
Existencias
Fecha de la última vez que lo usaron Pago total Signatura topográfica completa Código de barras Precio efectivo desde Tipo de documento Estado perdido Estado dañado No es para préstamo Retirado Ubicación permanente Ubicación actual Fecha de adquisición
15/05/2020   701.1/D15 Bib-Lima15052095 15/05/2020 Libros         Biblioteca Central Lima Biblioteca Central Lima 15/05/2020